00782nam a2200229Ia 4500003000900000008004100009020001800050040001600068080001700084100002600101245011600127260003800243300001600281490005200297650001900349650001900368650001500387650003400402942000700436999001500443952009400458IN-BaIIA211028s9999 xx 000 0 eng d a9971-978-33-4 cIIA Library a539.128bSHU aShuryak, E. V.915578 4aThe QCD vacuum, hadrons and the superdense mattercE. V. Shuryak  aSingaporebWorld Scientificc1988 axiii, 401p. aWorld scientific lecture notes in physics; v. 8 aHadrons915579 aNASA thesaurus aQCD915580 aQuantum chromodynamics915581 cBK c9264d9264 00104070aBANbBANcGENd0000-00-00l0o539.128/ SHUp10171r2021-11-05w0000-00-00yBK